| 000 | 00469nam a2200193Ia 4500 | ||
|---|---|---|---|
| 005 | 20231221111244.0 | ||
| 008 | 131103s9999 xx 000 0 und d | ||
| 020 |
_a550180370 _cRs.115 |
||
| 040 | _aLoreto College | ||
| 041 | _aEnglish | ||
| 082 |
_a428 _bWIL |
||
| 100 | _aWilliams,Isobel | ||
| 245 |
_aLetter writing _cIsobel E.Williams |
||
| 260 |
_aEdinburgh _bChambers _c1991 |
||
| 300 | _a90 p. | ||
| 650 | _aLetter Writing | ||
| 850 | _aLCLIB | ||
| 942 | _cBK | ||
| 999 |
_c7085 _d57564 |
||